000 00943nam a2200277 i 4500
003 DO-SdBNP
005 20250307073711.0
006 a||||gr|||| 00| 0
007 ta
008 230428n dr ||||er|||| 001 m spa d
040 _aDO-SdBNP
_bspa
_cBNPHU
_erda
082 4 _222
_a465
_bA454g,
100 1 _937593
_aAlonso, Amado
_d1896 - 1952
_eautor
245 1 0 _aGramática castellana :
_bprimer curso /
_cAmado Alonso, Pedro Henríquez Ureña.
260 _a4ta edición
264 _asin edición :
_bsin editoral,
_csin fecha
300 _a232 páginas ;
_c18 cm.
336 _2rdacontent
_atexto
_btxt
337 _2rdamedia
_asin medición
_bn
338 _2rdacarrier
_avolumen
_bnc
500 _aManual adaptado a los programas vigentes en la enseñanza secundaria.
590 _aInventariado 2023 / MF
650 _aEspañol
_xGramática
_93475
700 1 _aHenríquez Ureña, Pedro,
_d1884-1946
_eautor
_91718
942 _cLBS1
_2ddc
999 _c53375
_d53375